000 00493nam a2200181Ia 4500
001 19199
005 20260306171726.0
008 260306s9999||||xx |||||||||||||| ||und||
041 _aESP
082 _a658.8
_bW35
100 _aWeber, Larry
_eAUT
245 0 _aMarketing en las redes sociales:
_bcómo las comunidades de consumidores digitales construyen su negocio
260 _c2010
300 _a246 páginas :
_c23 cm.
650 _aGEN
654 _aCAN
942 _cLIB
_dJUS
_fJUS
_2ddc
_n
999 _c19199
_d19199